Statistiken für Weltliteratur - Autoren

Klicken Sie hier um das Quiz zu spielen!

Allgemein

  • Dieses Quiz wurde 332 mal gespielt
    (304 seit der letzten Aktualisierung)
  • Das Durchschnittsergebnis liegt bei 45 aus 80

Antwortstatistiken

BuchtitelAutor% Korrekt
FaustJohann Wolfgang von Goethe
92%
HamletWilliam Shakespeare
89%
Die Leiden des jungen WertherJohann Wolfgang von Goethe
88%
Romeo und JuliaWilliam Shakespeare
88%
BuddenbrooksThomas Mann
86%
Die VerwandlungFranz Kafka
84%
Anna KareninaLeo Tolstoi
84%
Die RäuberFriedrich Schiller
82%
Der alte Mann und das MeerErnest Hemingway
81%
Der ProzessFranz Kafka
80%
Die BlechtrommelGünther Grass
80%
IliasHomer
80%
OdysseeHomer
79%
Kabale und LiebeFriedrich Schiller
76%
Wilhelm TellFriedrich Schiller
75%
Krieg und FriedenLeo Tolstoi
75%
Stolz und VorurteilJane Austen
74%
Effi BriestTheodor Fontane
74%
Ein SommernachtstraumWilliam Shakespeare
72%
Nathan der WeiseGotthold Ephraim Lessing
71%
Der SteppenwolfHermann Hesse
71%
Homo faber: Ein BerichtMax Frisch
71%
Farm der TiereGeorge Orwell
69%
Reise zum Mittelpunkt der ErdeJules Verne
69%
Reise um die Erde in achtzig TagenJules Verne
69%
Zwanzigtausend Meilen unter dem MeerJules Verne
69%
Maria StuartFriedrich Schiller
68%
Die Göttliche KomödieDante Alighieri
66%
Die Abenteuer des Sherlock HolmesArthur Conan Doyle
65%
Das Bildnis des Dorian GrayOscar Wilde
63%
Der kleine PrinzAntoine deSaint-Exupéry
62%
Oliver TwistCharles Dickens
62%
Der zerbrochene KrugHeinrich von Kleist
60%
Der SchimmelreiterTheodor Storm
59%
Schuld und SühneFjodor Dostojewski
58%
Die drei MusketiereAlexandre Dumas
56%
Die Brüder KaramasowFjodor Dostojewski
56%
Wilhelm Meisters WanderjahreJohann Wolfgang von Goethe
56%
Wilhelm Meisters LehrjahreJohann Wolfgang von Goethe
56%
Iphigenie auf TaurisJohann Wolfgang von Goethe
56%
Der Tod in VenedigThomas Mann
56%
WallensteinFriedrich Schiller
55%
Der Glöckner von Notre-DameVictor Hugo
55%
David CopperfieldCharles Dickens
54%
Im Westen nichts NeuesErich Maria Remarque
53%
Deutschland. Ein WintermärchenHeinrich Heine
53%
Schöne Neue WeltAldous Huxley
52%
Der Graf von Monte ChristoAlexandre Dumas
52%
Berlin AlexanderplatzAlfred Döblin
51%
Der SandmannE. T.A. Hoffmann
51%
Der IdiotFjodor Dostojewski
51%
SchachnovelleStefan Zweig
51%
Der Fänger im RoggenJ. D. Salinger
50%
FrankensteinMary Shelley
50%
Ansichten eines ClownsHeinrich Böll
49%
Robinson CrusoeDaniel Defoe
48%
Die WahlverwandtschaftenJohann Wolfgang von Goethe
48%
Don QuijoteMiguel de Cervantes
48%
Die verlorene Ehre der Katharina BlumHeinrich Böll
46%
Herr Ribbeck auf Ribbeck im HavellandTheodor Fontane
46%
Die ElendenVictor Hugo
46%
Die SchatzinselRobert Louis Stevenson
42%
Warten auf GodotSamuel Beckett
42%
Moby DickHerman Melville
40%
Doktor FaustusThomas Mann
40%
Das Käthchen von HeilbronnHeinrich von Kleist
39%
Aus dem Leben eines TaugenichtsEichendorf
36%
Gullivers ReisenJonathan Swift
33%
Frau Jenny TreibelTheodor Fontane
31%
Der seltsame Fall des Dr. Jekyll und Mr. HydeRobert Louis Stevenson
29%
Der SeewolfJack London
28%
Doktor SchiwagoBoris Leonidowitsch Pasternak
27%
Gruppenbild mit DameHeinrich Böll
27%
Herr der FliegenWilliam Golding
26%
Das DekameronGiovanni Boccaccio
24%
Der Abenteuerliche Simplicissimus TeutschGrimmelshausen
24%
Der letzte MohikanerJames Fenimore Cooper
24%
ReisebilderHeinrich Heine
9%
Wir Kinder vom Bahnhof ZooChristiane Felscherinow
8%
François Rabelais
0%

Verteilung der Resultate

Perzentil nach korrekt beantworteten Fragen

Anzahl Personen mit jedem Resultat

Ihre Resultats-Entwicklung

Sie haben dieses Quiz seit der letzten Aktualisierung nicht gespielt